000 00237nam a22000857a 4500
008 161205b xxu||||| |||| 00| 0 eng d
100 _91788
_aJahagirdar.D.V.
245 _aChemical Elements in tha New Age
260 _aNew Delhi
_bD.National
_c2003
999 _c4496
_d4496